Kinship and marriage among the Nuer

Αποθηκεύτηκε σε:
Λεπτομέρειες βιβλιογραφικής εγγραφής
Κύριος συγγραφέας: Evans-Pritchard, E. E. (Edward Evan), 1902-1973
Μορφή: Βιβλίο
Γλώσσα:English
French
Δημοσίευση: Oxford : Clarendon , 1990.
Θέματα:
Ετικέτες: Προσθήκη ετικέτας
Δεν υπάρχουν, Καταχωρήστε ετικέτα πρώτοι!

MARC

LEADER 00000cam a2200000 i 4500
001 1/62058
008 930916s1990 gr | ||| |||| ||eng||
020 |a 0198278470 
035 |l 10000966 
040 |a GR-MyUA  |b gre  |e AACR2 
041 1 |a eng  |h fre 
082 0 |a 306.850962 
100 1 |a Evans-Pritchard, E. E.   |q (Edward Evan),   |d 1902-1973. 
245 1 0 |a Kinship and marriage among the Nuer /   |c E. E. Evans-Pritchard.  
260 |a Oxford :   |b Clarendon ,   |c 1990.  
300 |a 183 σ.  
504 |a Περιέχει ευρετήριο.  
650 0 0 |a Nuer (African people)  |x Marriage customs and rites. 
650 0 0 |a Nuer (African people)  |x Kinship. 
765 0 8 |i Μετάφραση του:   |t Parente et mariage chez les Nuer /  
852 |a INST  |b LESVOS  |e 19930916  |h 306.850962 EVA  |p 005100005367  |q 005100005367  |t BK  |y 4  |x 20210223 
852 |a INST  |b LESVOS  |e 19940131  |h 306.850962 EVA  |p 005100005368  |q 005100005368  |t BK  |y 0 
909 |a Λ  |b 021398